000 00850nam a22002417a 4500
005 20100802163516.0
010 _aENG-97803
020 _a8190822977
_c125.00
020 _a9788190822978
_c125.00
035 _aEN-81336
037 _bDBAD/PUB
082 _a005.13
100 _aThamilselvi, S.
_94582
245 _aFundamentals of C /
_cby S. Thamilselvi
260 _aCoimbatore
_bIRIS Publications
_c2009
270 _a23 AKG Nagar 3rd Street Uppilipalayam Post
_bCoimbatore
_e641015
300 _avi, 118p.
_c25cm (pbk)
500 _aincludes index
650 _aComputer Program Language
_94583
650 _aObject oriented programming
_94584
942 _2ddc
_cEN
_h005.13
_mTHA
999 _c38799
_d38799